| 000 | 00448nam a22001217a 4500 | ||
|---|---|---|---|
| 082 | _a220 PRO | ||
| 100 |
_aPC AQSA RAHIM NC AMNA SAGHEER NC KHUNSHA NADEEM NC ZAID BIN SHABBIR _970687 |
||
| 245 | _aPR-SOF-1855-Emotion Charting Using Real-Time Monitoring of Physiological Signals | ||
| 260 |
_aISLAMABAD _bNUST COLLEGE OF EME _c2019 |
||
| 650 |
_aDE-COMP-37 _970688 |
||
| 700 |
_aSUPERVISOR DR. USMAN AKRAM DR. SAJID GUL KHAWAJA _970689 |
||
| 942 | _cCR | ||
| 999 |
_c577597 _d577597 |
||